Empresas de medicina privada : (Registro nro. 5351)
[ vista simple ]
| 000 -LEADER | |
|---|---|
| fixed length control field | 01495nab a22002657a 4500 |
| 003 - CONTROL NUMBER IDENTIFIER | |
| control field | OSt |
| 005 - DATE AND TIME OF LATEST TRANSACTION | |
| control field | 20250224004524.0 |
| 008 - FIXED-LENGTH DATA ELEMENTS--GENERAL INFORMATION | |
| fixed length control field | 190603e xxum|||| |||| 00| 0 spa d |
| 040 ## - CATALOGING SOURCE | |
| Transcribing agency | PJ |
| 100 ## - MAIN ENTRY--PERSONAL NAME | |
| 9 (RLIN) | 4616 |
| Personal name | Copello Barone, Natalia P. |
| 245 10 - TITLE STATEMENT | |
| Title | Empresas de medicina privada : |
| Remainder of title | rescisión unilateral por falseamiento de declaración jurada por el usuario / |
| Statement of responsibility, etc | Natalia P. Copello Barone. |
| 260 ## - PUBLICATION, DISTRIBUTION, ETC. (IMPRINT) | |
| Date of publication, distribution, etc | Ciudad Autónoma de Buenos Aires : |
| Place of publication, distribution, etc | Thomson Reuters La Ley, |
| Name of publisher, distributor, etc | 2023. |
| 300 ## - PHYSICAL DESCRIPTION | |
| Extent | p. 353-356 |
| 500 ## - GENERAL NOTE | |
| General note | Cita Online: TR LALEY AR/DOC/2037/2023. |
| 505 ## - FORMATTED CONTENTS NOTE | |
| Formatted contents note | Sumario: I. Hechos sometidos a consideración.— II. Argumentos jurídicos utilizados por el recurrente.— III. Circunstancias de hecho en torno a la declaración jurada presentada.— IV. Resolución del tribunal interviniente. Medidas cautelares: marco de conocimiento.— V. Derechos fundamentales en juego.— VI. Conclusiones. |
| 505 ## - FORMATTED CONTENTS NOTE | |
| Title | Fallo comentado: CNFed. Civ. y Com., sala II ~ 16/03/2023 ~ F., O. R. c. Medicus SA s/ amparo. |
| 505 ## - FORMATTED CONTENTS NOTE | |
| Title | ¿Te interesa el texto completo? Solicitalo al correo: koha@justierradelfuego.gov.ar |
| 650 #0 - SUBJECT ADDED ENTRY--TOPICAL TERM | |
| 9 (RLIN) | 1253 |
| Topical term or geographic name as entry element | DERECHO A LA SALUD |
| 650 #0 - SUBJECT ADDED ENTRY--TOPICAL TERM | |
| 9 (RLIN) | 3273 |
| Topical term or geographic name as entry element | MEDICINA PREPAGA |
| 650 #0 - SUBJECT ADDED ENTRY--TOPICAL TERM | |
| 9 (RLIN) | 1051 |
| Topical term or geographic name as entry element | MEDIDAS CAUTELARES |
| 650 #0 - SUBJECT ADDED ENTRY--TOPICAL TERM | |
| Topical term or geographic name as entry element | DECLARACION JURADA |
| 653 ## - INDEX TERM--UNCONTROLLED | |
| Uncontrolled term | RESPONSABILIDAD DE LA ENTIDAD FINANCIERA |
| 773 0# - HOST ITEM ENTRY | |
| Host Biblionumber | 2713 |
| Host Itemnumber | 3170 |
| Place, publisher, and date of publication | Ciudad Autónoma de Buenos Aires : Thomson Reuters La Ley, 2015- |
| Title | Revista Código Civil y Comercial. Nº 6 - Diciembre 2023 |
| 942 ## - ADDED ENTRY ELEMENTS (KOHA) | |
| Source of classification or shelving scheme | |
| Koha item type | Analítica Artículo de Revista |
No hay ítems disponibles.
